Bartholomew and the oobleck / (Record no. 168)

MARC details
000 -LEADER
fixed length control field 01150nam a22003017a 4500
001 - CONTROL NUMBER
control field 168
003 - CONTROL NUMBER IDENTIFIER
control field FISKH
005 - DATE AND TIME OF LATEST TRANSACTION
control field 20230303101900.0
008 - FIXED-LENGTH DATA ELEMENTS--GENERAL INFORMATION
fixed length control field 230301b cb ||||| |||| 00| 0 eng d
020 ## - INTERNATIONAL STANDARD BOOK NUMBER
International Standard Book Number 9780394800752
040 ## - CATALOGING SOURCE
Original cataloging agency DLC
Transcribing agency DLC
Modifying agency DLC
-- FISKH
Language of cataloging eng
050 00 - LIBRARY OF CONGRESS CALL NUMBER
Classification number PZ7.S5138
Item number Bar 2014
082 00 - DEWEY DECIMAL CLASSIFICATION NUMBER
Classification number 813.52
Edition number 23
100 1# - MAIN ENTRY--PERSONAL NAME
Personal name Geisel, Theodor Seuss
Titles and words associated with a name Dr.
245 10 - TITLE STATEMENT
Title Bartholomew and the oobleck /
Statement of responsibility, etc. written and illustrated by Dr. Seuss.
260 ## - PUBLICATION, DISTRIBUTION, ETC.
Place of publication, distribution, etc. New York
Name of publisher, distributor, etc. Random House
Date of publication, distribution, etc. 1976
300 ## - PHYSICAL DESCRIPTION
Extent 23 leaves of plates
Other physical details col. ill. ;
Dimensions 29 cm.
500 ## - GENERAL NOTE
General note Originally published in slightly different form in 1949.
505 ## - FORMATTED CONTENTS NOTE
Formatted contents note K
520 ## - SUMMARY, ETC.
Summary, etc. The King, tired of rain, snow, sun, and fog, commands his magicians to make something else come down from the sky, but when oobleck falls, in sticky greenish droplets, Bartholomew Cubbins shames the King and saves the kingdom.
521 8# - TARGET AUDIENCE NOTE
Target audience note 590 <br/>
Source Lexile
521 8# - TARGET AUDIENCE NOTE
Target audience note K
Source Raz-Plus
650 #1 - SUBJECT ADDED ENTRY--TOPICAL TERM
Topical term or geographic name entry element Kings, queens, rulers, etc.
Form subdivision Fiction.
710 2# - ADDED ENTRY--CORPORATE NAME
Corporate name or jurisdiction name as entry element Dr. Seuss Enterprises.
710 2# - ADDED ENTRY--CORPORATE NAME
Corporate name or jurisdiction name as entry element Random House Children's Books.
906 ## - LOCAL DATA ELEMENT F, LDF (RLIN)
a 7
b cbc
c origcop
d 2
e ncip
f 20
g y-gencatlg
942 ## - ADDED ENTRY ELEMENTS (KOHA)
Source of classification or shelving scheme Dewey Decimal Classification
Koha item type Books
Suppress in OPAC No
Holdings
Withdrawn status Lost status Source of classification or shelving scheme Damaged status Not for loan Home library Current library Shelving location Date acquired Total Checkouts Full call number Barcode Date last seen Date last checked out Price effective from Koha item type
    Dewey Decimal Classification     Footprints International School Library Network Toul Kork Campus Footprints International School Library Network Toul Kork Campus TK Primary Library Room(4th Floor), Bookcase 3&4, Shelves 17-32, Yellow Books 03/01/2023 6 SEU 813.52 PZ8.G326 FISTK01455 10/31/2024 10/31/2024 03/01/2023 Books